000 00315nam a2200145Ia 4500
008 090124s9999 xx 000 0 und d
082 _b203042
245 _aMUDRA RAKSHASA
250 _a1
260 _bI.C.R
_c1986
300 _a90
630 _aMUDRA RAKSHASA
730 _aMUDRA RAKSHASA
942 _cBOOK
999 _c184623
_d184623